| 000 | 00762cab a2200253 4500 | ||
|---|---|---|---|
| 001 | WB3130-41 | ||
| 008 | 090401t1995 xxu||||| |||| 00| 0 eng d | ||
| 035 | _a(Sirsi) u46084 | ||
| 041 | _aeng | ||
| 245 | _aConrad Ritblat to buy pubs | ||
| 260 | _c1995 | ||
| 350 | _a0 | ||
| 490 |
_aFinancial Times _v3 August 1995, 21 |
||
| 490 |
_aTimes _v3 August 1995, 23(1) |
||
| 520 | _aConrad Ritblat is buying 109 public houses from Allied Domecq for £10.6m - shifting their profits from surveying into property investment. | ||
| 650 | _aALLIED DOMECQ | ||
| 650 | _aCONRAD RITBLAT SINCLAIR GOLDSMITH | ||
| 650 | _aCRSG | ||
| 650 | _aLEISURE INDUSTRY | ||
| 650 | _aPUBLIC HOUSES | ||
| 690 | _aLEISURE AND RECREATION | ||
| 942 | _n0 | ||
| 948 | _c04/03/1997 | ||
| 999 |
_c29158 _d29158 |
||